| 000 | 00802nam a2200253 a 4500 | ||
|---|---|---|---|
| 001 | BRCA_522 | ||
| 005 | 20190320203039.0 | ||
| 008 | 840706s1984 nyua---##b---#001-0#eng-# | ||
| 020 | _a0847805514 | ||
| 040 |
_aDLC _cDLC _dDLC |
||
| 041 | _aengfre | ||
| 050 | 4 |
_aNK2876 _b.G36 1984 |
|
| 100 | 1 |
_aGans-Ruedin, Erwin _91798 |
|
| 245 | 1 | 0 |
_aIndian carpets _cE. Gans-Ruedin ; photographs by Leo Hilber ; translated by Valerie Howard. |
| 260 |
_aNueva York _bRizzoli _c1984 |
||
| 300 |
_a318 p. _bil. (algunas a color) _c26 cm. |
||
| 500 | _aTraducción de: Le tapis des Indes | ||
| 500 | _aIncluye glosario e índice temático | ||
| 504 | _aBibliografía: p. 307-308 | ||
| 650 | 1 | 4 |
_aAlfombras _xHistoria _zIndia _91799 |
| 700 | 1 |
_aHilber, Leo _91800 |
|
| 700 | 1 |
_aHoward, Valerie _91801 |
|
| 942 |
_2lcc _cB |
||
| 999 |
_c454 _d454 |
||